LIBRARY & INFORMATION CENTRE, KCAET, TAVANUR

ONLINE PUBLIC ACCESS CATALOGUE (OPAC)

Godan / (Record no. 3806)

MARC details
000 -LEADER
fixed length control field 00484cam a2200217ua 4500
041 ## - LANGUAGE CODE
Language code of text/sound track or separate title hin
082 ## - DEWEY DECIMAL CLASSIFICATION NUMBER
Classification number 891.54
Item number PRE/GO
100 ## - MAIN ENTRY--AUTHOR NAME
Personal name Premchand, .
245 ## - TITLE STATEMENT
Title Godan /
250 ## - EDITION STATEMENT
Edition statement 1 /
260 ## - PUBLICATION, DISTRIBUTION, ETC. (IMPRINT)
Place of publication :
Name of publisher Saraswathi press ,
Year of publication 1961.
300 ## - PHYSICAL DESCRIPTION
Number of Pages 365 ; .
942 ## - ADDED ENTRY ELEMENTS (KOHA)
Koha item type Books
Holdings
Withdrawn status Lost status Damaged status Home library Current library Date acquired Full call number Accession Number Koha item type Public note
Withdrawn     KAUAET KAUAET 07/04/2012 891.54 4941 Books Deleted
Withdrawn     KAUAET KAUAET 07/04/2012 891.54 4940 Books Deleted
Withdrawn     KAUAET KAUAET 07/04/2012 891.54 4942 Books Deleted
Withdrawn     KAUAET Sanskrit University 07/04/2012 891.54 2915 Books  
free website counter